Southville International School and Colleges
Your cart is empty.
  • Cart
  • Lists
    Public lists Eva Luna New books Lux_list list_1
    Your lists Log in to create your own lists
  • Log in to your account
  • Your cookies
  • Search history
Southville International School and Colleges
  • Advanced search
  • Recent comments
  • Most popular
  • Libraries

Log in to your account

Log in with GOOGLE


If you do not have an external account, but do have a local account, you can still log in:

  1. Home
  2. MARC view: Cooking under the influence :
Normal view MARC view ISBD view

Cooking under the influence : (Record no. 300658)

[ view plain ]
MARC details
000 -LEADER
fixed length control field 00620nam a2200241Ia 4500
008 - FIXED-LENGTH DATA ELEMENTS--GENERAL INFORMATION
fixed length control field 160819s9999 xx 000 0 und d
020 ## - INTERNATIONAL STANDARD BOOK NUMBER
International Standard Book Number 1-74045-370-0
050 ## - LIBRARY OF CONGRESS CALL NUMBER
Classification number CUL TX 715
050 ## - LIBRARY OF CONGRESS CALL NUMBER
Item number .C36 2004
100 ## - MAIN ENTRY--PERSONAL NAME
Personal name Canaider, Ben.
245 ## - TITLE STATEMENT
Title Cooking under the influence :
245 ## - TITLE STATEMENT
Remainder of title food to drink to /
245 ## - TITLE STATEMENT
Statement of responsibility, etc Ben Canaider, Greg Duncan Powell.
260 ## - PUBLICATION, DISTRIBUTION, ETC. (IMPRINT)
Place of publication, distribution, etc Australia :
260 ## - PUBLICATION, DISTRIBUTION, ETC. (IMPRINT)
Name of publisher, distributor, etc Murdoch Books,
260 ## - PUBLICATION, DISTRIBUTION, ETC. (IMPRINT)
Date of publication, distribution, etc 2004
300 ## - PHYSICAL DESCRIPTION
Extent 255 pages :
300 ## - PHYSICAL DESCRIPTION
Other physical details color illustrations ;
300 ## - PHYSICAL DESCRIPTION
Dimensions 26 cm.
500 ## - GENERAL NOTE
General note Includes index.
650 ## - SUBJECT ADDED ENTRY--TOPICAL TERM
Topical term or geographic name as entry element Cookery.
650 ## - SUBJECT ADDED ENTRY--TOPICAL TERM
General subdivision Wines and wine making.
Holdings
Withdrawn status Lost status Damaged status Home library Current library Shelving location Date acquired Cost, normal purchase price Total Checkouts Full call number Barcode Date last seen Price effective from Koha item type
      South Mansfield College South Mansfield College   01/10/2008 345.00   CUL TX 715 .C36 2004 SMC04050 08/19/2016 08/19/2016  

Cooking under the influence :

APA

Canaider B., .Cooking under the influence. Australia: .

Chicago

Canaider Ben, .Cooking under the influence. Australia: .

Harvard

Canaider B., .Cooking under the influence. Australia: .

MLA

Canaider Ben, .Australia: . .

  • Place hold
  • Print
  • Cite
  • Add to your cart (remove)
  • Save record
    BIBTEX Dublin Core MARCXML MARC (non-Unicode/MARC-8) MARC (Unicode/UTF-8) MARC (Unicode/UTF-8, Standard) MODS (XML) RIS
  • More searches
    Search for this title in:
    Other Libraries (WorldCat) Other Databases (Google Scholar) Online Stores (Bookfinder.com) Open Library (openlibrary.org)

Exporting to Dublin Core...

SOUTHVILLE LIBRARY

Southville International School and Colleges Library

1281 Tropical Ave. Cor. Luxembourg St., BF Homes International, Las Pinas City

Tel. No. 8256374 / 252358 Loc. 117/146

Powered by Koha